[Event "World Chess Olympiad 2018"]
[Site "Batumi"]
[Date "2018.09.24"]
[Round "1"]
[Board "4"]
[WhiteFideId "12600750"]
[White "Adu Jnr Lionel"]
[BlackFideId "3701166"]
[Black "Almiron Antonio"]
[Result "0-1"]
[LiveChessVersion "1.4.8"]
[BlackElo "2358"]
[WhiteElo "1896"]

1. g3 {[%clk 1:26:47]} d5 {[%clk 1:30:38]} 2. Bg2 {[%clk 1:26:54]} Nf6
{[%clk 1:30:48]} 3. d4 {[%clk 1:25:43]} Bg4 {[%clk 1:28:14]} 4. c4
{[%clk 1:21:16]} c6 {[%clk 1:25:14]} 5. Qb3 {[%clk 1:16:46]} Qc8 {[%clk 1:25:34]}
6. Nc3 {[%clk 1:15:41]} e6 {[%clk 1:25:29]} 7. Bg5 {[%clk 1:15:11]} Nbd7
{[%clk 1:25:35]} 8. Bxf6 {[%clk 1:11:11]} Nxf6 {[%clk 1:25:59]} 9. Nf3
{[%clk 1:10:54]} Be7 {[%clk 1:26:04]} 10. e3 {[%clk 1:08:09]} Qc7
{[%clk 1:24:14]} 11. cxd5 {[%clk 1:07:01]} exd5 {[%clk 1:24:19]} 12. O-O
{[%clk 1:07:20]} O-O {[%clk 1:24:42]} 13. Rac1 {[%clk 1:07:30]} Qb6
{[%clk 1:23:40]} 14. Qc2 {[%clk 0:33:11]} g6 {[%clk 1:22:39]} 15. Ne5
{[%clk 0:20:23]} Bf5 {[%clk 1:23:02]} 16. Qe2 {[%clk 0:18:50]} h5
{[%clk 1:22:08]} 17. h3 {[%clk 0:18:17]} Bd6 {[%clk 1:17:47]} 18. g4
{[%clk 0:13:16]} hxg4 {[%clk 1:17:23]} 19. hxg4 {[%clk 0:13:37]} Bc8
{[%clk 1:17:44]} 20. g5 {[%clk 0:13:34]} Bxe5 {[%clk 1:11:09]} 21. dxe5
{[%clk 0:13:29]} Ng4 {[%clk 1:11:39]} 22. Na4 {[%clk 0:05:00]} Qb4
{[%clk 1:10:55]} 23. Nc5 {[%clk 0:04:08]} Nxe5 {[%clk 1:10:57]} 24. e4
{[%clk 0:03:06]} Re8 {[%clk 1:02:08]} 25. exd5 {[%clk 0:02:40]} Bg4
{[%clk 1:02:28]} 26. Qc2 {[%clk 0:01:47]} Nf3+ {[%clk 1:02:57]} 27. Bxf3
{[%clk 0:01:09]} Bxf3 {[%clk 1:03:26]} 28. Qc4 {[%clk 0:01:12]} Qxc4
{[%clk 1:03:56]} 29. Rxc4 {[%clk 0:01:41]} Be2 {[%clk 1:04:25]} 30. Rfc1
{[%clk 0:00:38]} Bxc4 {[%clk 1:04:53]} 31. Rxc4 {[%clk 0:01:07]} cxd5
{[%clk 1:05:22]} 32. Rd4 {[%clk 0:01:13]} Re5 {[%clk 1:01:46]} 33. f4
{[%clk 0:01:04]} Re2 {[%clk 1:02:14]} 34. Nxb7 {[%clk 0:00:51]} Rc8
{[%clk 1:02:17]} 35. Rd1 {[%clk 0:00:35]} Rxb2 {[%clk 1:02:24]} 36. Nd6
{[%clk 0:00:47]} Rcc2 {[%clk 1:01:59]} 37. Ne8 {[%clk 0:00:41]} Rg2+
{[%clk 1:01:48]} 38. Kh1 {[%clk 0:00:39]} Rh2+ {[%clk 1:02:12]} 39. Kg1
{[%clk 0:01:09]} Rbg2+ {[%clk 1:02:23]} 40. Kf1 {[%clk 0:31:37]} Rh1+
{[%clk 1:32:38]} 41. Kxg2 {[%clk 0:31:37]} Rxd1 {[%clk 1:33:06]} 42. Kf2
{[%clk 0:31:17]} Kf8 {[%clk 1:33:10]} 43. Nf6 {[%clk 0:31:45]} d4
{[%clk 1:31:59]} 44. Ke2 {[%clk 0:32:12]} Ra1 {[%clk 1:32:17]} 45. Kd3
{[%clk 0:31:35]} Ke7 {[%clk 1:32:38]} 46. Kxd4 {[%clk 0:30:32]} Ke6
{[%clk 1:33:02]} 47. Ne4 {[%clk 0:18:42]} Rxa2 {[%clk 1:28:22]} 48. Ke3
{[%clk 0:18:24]} Ra3+ {[%clk 1:28:49]} 49. Kd4 {[%clk 0:18:25]} Ra4+
{[%clk 1:29:03]} 50. Ke3 {[%clk 0:18:33]} Rxe4+ {[%clk 1:29:29]} 51. Kxe4 a5 0-1

[Event "World Chess Olympiad 2018"]
[Site "Batumi"]
[Date "2018.09.24"]
[Round "1"]
[Board "1"]
[WhiteFideId "21500150"]
[White "Al Ghamdi Ahmed M"]
[BlackFideId "1403613"]
[Black "Bekker-Jensen Simon"]
[Result "0-1"]
[LiveChessVersion "1.4.8"]
[BlackElo "2482"]
[WhiteElo "2126"]

1. e4 {[%clk 1:30:50]} c5 {[%clk 1:30:44]} 2. Nf3 {[%clk 1:30:50]} d6
{[%clk 1:31:04]} 3. d4 {[%clk 1:31:13]} cxd4 {[%clk 1:31:16]} 4. Qxd4
{[%clk 1:31:36]} Bd7 {[%clk 1:29:07]} 5. Be3 {[%clk 1:26:28]} Nf6
{[%clk 1:27:07]} 6. Nc3 {[%clk 1:24:59]} a6 {[%clk 1:23:02]} 7. h3
{[%clk 1:15:50]} e5 {[%clk 1:20:44]} 8. Qd2 {[%clk 1:14:50]} Be7 {[%clk 1:19:12]}
9. g4 {[%clk 1:13:50]} Bc6 {[%clk 1:17:20]} 10. Qd3 {[%clk 1:08:38]} Nbd7
{[%clk 1:15:58]} 11. Bg2 {[%clk 1:04:52]} h6 {[%clk 1:14:54]} 12. Nd2
{[%clk 0:58:24]} b5 {[%clk 1:09:00]} 13. a4 {[%clk 0:50:59]} O-O {[%clk 1:02:30]}
14. axb5 {[%clk 0:47:44]} axb5 {[%clk 1:02:44]} 15. Rxa8 {[%clk 0:46:42]} Qxa8
{[%clk 1:02:57]} 16. O-O {[%clk 0:40:49]} Rb8 {[%clk 1:00:23]} 17. Nb3
{[%clk 0:38:30]} Nb6 {[%clk 0:56:21]} 18. Ra1 {[%clk 0:34:59]} Na4
{[%clk 0:56:08]} 19. f3 {[%clk 0:28:29]} d5 {[%clk 0:54:13]} 20. exd5
{[%clk 0:28:01]} Nxd5 {[%clk 0:53:37]} 21. Nxd5 {[%clk 0:28:12]} Bxd5
{[%clk 0:53:55]} 22. Qf5 {[%clk 0:26:11]} Re8 {[%clk 0:47:41]} 23. Nd2
{[%clk 0:21:05]} Qc6 {[%clk 0:45:07]} 24. b3 {[%clk 0:19:59]} Nc3
{[%clk 0:44:12]} 25. Qd3 {[%clk 0:16:43]} b4 {[%clk 0:39:38]} 26. Ne4
{[%clk 0:13:11]} Bxe4 {[%clk 0:35:24]} 27. fxe4 {[%clk 0:11:18]} Rd8
{[%clk 0:33:45]} 28. Qc4 {[%clk 0:10:03]} Qxc4 {[%clk 0:32:48]} 29. bxc4
{[%clk 0:06:26]} Rc8 {[%clk 0:31:15]} 30. Bf1 {[%clk 0:04:09]} Nxe4
{[%clk 0:28:37]} 31. Ra5 {[%clk 0:03:52]} Nd6 {[%clk 0:21:26]} 32. Rxe5
{[%clk 0:02:20]} Bf6 {[%clk 0:19:35]} 33. Rd5 {[%clk 0:02:48]} Nxc4
{[%clk 0:19:07]} 34. Rc5 {[%clk 0:03:02]} Rxc5 {[%clk 0:15:53]} 35. Bxc5
{[%clk 0:03:23]} Na3 {[%clk 0:16:12]} 36. Bxb4 {[%clk 0:02:22]} Nxc2
{[%clk 0:16:32]} 37. Bc5 {[%clk 0:01:57]} Bd4+ {[%clk 0:16:44]} 38. Bxd4
{[%clk 0:02:20]} Nxd4 {[%clk 0:17:10]} 39. Kf2 {[%clk 0:02:42]} g5
{[%clk 0:16:25]} 40. Ke3 {[%clk 0:32:27]} Ne6 {[%clk 0:46:02]} 41. Ke4
{[%clk 0:30:02]} Kf8 {[%clk 0:41:42]} 42. Ke5 {[%clk 0:29:59]} Ke7
{[%clk 0:42:04]} 43. Bc4 {[%clk 0:29:21]} Nf4 {[%clk 0:39:47]} 44. Bf1
{[%clk 0:29:15]} Ng6+ {[%clk 0:40:10]} 45. Kf5 {[%clk 0:27:38]} Nh4+
{[%clk 0:40:17]} 46. Ke5 {[%clk 0:27:35]} f6+ {[%clk 0:40:27]} 47. Ke4
{[%clk 0:27:54]} Kd6 {[%clk 0:36:08]} 48. Bd3 {[%clk 0:26:19]} Kc5
{[%clk 0:36:11]} 49. Bf1 {[%clk 0:24:52]} Kd6 {[%clk 0:35:18]} 50. Ba6
{[%clk 0:24:48]} Ke6 {[%clk 0:34:25]} 51. Bc4+ {[%clk 0:25:01]} Ke7
{[%clk 0:34:38]} 52. Bf1 {[%clk 0:24:58]} Kf7 {[%clk 0:33:13]} 53. Bc4+
{[%clk 0:24:58]} Kg6 {[%clk 0:33:07]} 54. Bd3 {[%clk 0:25:01]} Kg7
{[%clk 0:32:34]} 55. Bf1 {[%clk 0:25:22]} f5+ {[%clk 0:32:44]} 56. gxf5
{[%clk 0:24:14]} Kf6 {[%clk 0:33:06]} 57. Bd3 {[%clk 0:24:05]} Nxf5
{[%clk 0:33:03]} 58. Kf3 {[%clk 0:23:59]} h5 {[%clk 0:30:34]} 59. Kf2
{[%clk 0:21:03]} Ke5 {[%clk 0:30:01]} 60. Be2 {[%clk 0:21:07]} h4
{[%clk 0:28:48]} 61. Bg4 {[%clk 0:20:47]} Nh6 {[%clk 0:27:07]} 62. Bc8
{[%clk 0:20:31]} Ke4 {[%clk 0:27:01]} 63. Be6 {[%clk 0:20:14]} Kf4
{[%clk 0:27:23]} 64. Bc8 {[%clk 0:19:02]} Ng8 {[%clk 0:25:10]} 65. Be6
{[%clk 0:18:40]} Nf6 {[%clk 0:25:27]} 66. Bc8 {[%clk 0:18:49]} Ne4+
{[%clk 0:25:36]} 67. Kg2 {[%clk 0:19:18]} Ke3 {[%clk 0:25:52]} 68. Bd7
{[%clk 0:19:00]} Nf6 {[%clk 0:26:00]} 69. Bc6 {[%clk 0:19:25]} Nh5
{[%clk 0:26:14]} 70. Bd7 {[%clk 0:19:36]} Nf4+ {[%clk 0:26:34]} 71. Kh2
{[%clk 0:20:04]} Kf2 {[%clk 0:26:46]} 72. Bc8 {[%clk 0:20:04]} Ne2
{[%clk 0:26:25]} 73. Bd7 {[%clk 0:18:41]} Nd4 {[%clk 0:26:37]} 74. Bc8
{[%clk 0:18:27]} Nf3+ {[%clk 0:26:57]} 75. Kh1 {[%clk 0:18:51]} Kg3
{[%clk 0:27:19]} 76. Bd7 {[%clk 0:17:13]} Ne5 {[%clk 0:25:31]} 77. Bf5
{[%clk 0:17:15]} Nc4 {[%clk 0:25:39]} 78. Kg1 {[%clk 0:17:13]} Ne3
{[%clk 0:23:08]} 79. Bc8 {[%clk 0:15:08]} Nd5 {[%clk 0:23:24]} 0-1

[Event "World Chess Olympiad 2018"]
[Site "Batumi"]
[Date "2018.09.24"]
[Round "1"]
[Board "2"]
[WhiteFideId "1416928"]
[White "Ochsner Bjorn Moller"]
[BlackFideId "21501564"]
[Black "Masrahi Abdulrahman A"]
[Result "1-0"]
[LiveChessVersion "1.4.8"]
[BlackElo "1879"]
[WhiteElo "2462"]

1. e4 {[%clk 1:30:56]} e5 {[%clk 1:30:35]} 2. Nf3 {[%clk 1:31:16]} Nc6
{[%clk 1:30:41]} 3. Bb5 {[%clk 1:31:26]} a6 {[%clk 1:30:48]} 4. Ba4
{[%clk 1:31:54]} Nf6 {[%clk 1:30:51]} 5. O-O {[%clk 1:32:13]} Be7
{[%clk 1:30:29]} 6. Re1 {[%clk 1:32:38]} b5 {[%clk 1:30:03]} 7. Bb3
{[%clk 1:33:06]} d6 {[%clk 1:29:50]} 8. c3 {[%clk 1:33:31]} O-O {[%clk 1:29:59]}
9. d4 {[%clk 1:33:43]} Bg4 {[%clk 1:30:00]} 10. Be3 {[%clk 1:33:36]} Bh5
{[%clk 1:29:35]} 11. h3 {[%clk 1:33:12]} Bg6 {[%clk 1:21:16]} 12. Nbd2
{[%clk 1:33:30]} Re8 {[%clk 1:18:15]} 13. Nh4 {[%clk 1:23:47]} Na5
{[%clk 1:12:54]} 14. Bc2 {[%clk 1:21:08]} c5 {[%clk 1:10:06]} 15. Nxg6
{[%clk 1:16:55]} hxg6 {[%clk 1:10:25]} 16. d5 {[%clk 1:14:57]} c4
{[%clk 1:02:25]} 17. b4 {[%clk 1:13:46]} cxb3 {[%clk 1:00:47]} 18. axb3
{[%clk 1:13:16]} Qc7 {[%clk 0:59:56]} 19. Nf3 {[%clk 1:05:14]} Nb7
{[%clk 0:53:22]} 20. Bd2 {[%clk 1:01:54]} Nc5 {[%clk 0:49:52]} 21. Qe2
{[%clk 0:56:04]} Reb8 {[%clk 0:40:48]} 22. Ra2 {[%clk 0:55:24]} Bd8
{[%clk 0:33:01]} 23. Rea1 {[%clk 0:54:08]} Qb7 {[%clk 0:32:05]} 24. b4
{[%clk 0:49:32]} Ncd7 {[%clk 0:32:03]} 25. c4 {[%clk 0:49:27]} bxc4
{[%clk 0:28:29]} 26. Qxc4 {[%clk 0:49:42]} Rc8 {[%clk 0:27:45]} 27. Qe2
{[%clk 0:49:44]} Bb6 {[%clk 0:22:12]} 28. Bd3 {[%clk 0:49:27]} a5
{[%clk 0:20:37]} 29. bxa5 {[%clk 0:48:28]} Ba7 {[%clk 0:20:20]} 30. a6
{[%clk 0:39:42]} Qc7 {[%clk 0:18:14]} 31. Bb5 {[%clk 0:34:23]} Nc5
{[%clk 0:17:16]} 32. Ba5 {[%clk 0:33:02]} Qe7 {[%clk 0:17:13]} 33. Nd2
{[%clk 0:31:43]} Rab8 {[%clk 0:15:30]} 34. Rb1 {[%clk 0:30:22]} Nh5
{[%clk 0:14:10]} 35. Qf3 {[%clk 0:26:59]} Qh4 {[%clk 0:10:43]} 36. Kh2
{[%clk 0:20:31]} Nf4 {[%clk 0:05:03]} 37. Rab2 {[%clk 0:19:07]} g5
{[%clk 0:02:21]} 38. Bf1 {[%clk 0:17:41]} Rxb2 {[%clk 0:02:24]} 39. Rxb2
{[%clk 0:18:09]} g4 {[%clk 0:02:15]} 40. Qxg4 {[%clk 0:46:50]} Qxf2
{[%clk 0:32:14]} 41. Qxc8+ {[%clk 0:45:46]} Kh7 {[%clk 0:26:20]} 42. Qf5+
{[%clk 0:45:43]} Kg8 {[%clk 0:25:30]} 43. Bb6 {[%clk 0:44:45]} 1-0

[Event "World Chess Olympiad 2018"]
[Site "Batumi"]
[Date "2018.09.24"]
[Round "1"]
[Board "3"]
[WhiteFideId "21500029"]
[White "Al Habeeb Emad"]
[BlackFideId "1407970"]
[Black "Mikkelsen Nikolaj"]
[Result "0-1"]
[LiveChessVersion "1.4.8"]
[BlackElo "2467"]
[WhiteElo "1910"]

1. Nf3 {[%clk 1:30:49]} Nf6 {[%clk 1:29:38]} 2. g3 {[%clk 1:30:37]} g6
{[%clk 1:30:01]} 3. Bg2 {[%clk 1:30:49]} Bg7 {[%clk 1:30:28]} 4. O-O
{[%clk 1:31:02]} O-O {[%clk 1:30:50]} 5. d3 {[%clk 1:30:57]} d5 {[%clk 1:29:04]}
6. c3 {[%clk 1:23:08]} Nc6 {[%clk 1:21:57]} 7. Qa4 {[%clk 1:21:40]} e5
{[%clk 1:17:48]} 8. Qh4 {[%clk 1:18:10]} Nd7 {[%clk 1:11:55]} 9. Bg5
{[%clk 1:07:13]} f6 {[%clk 1:10:26]} 10. Bh6 {[%clk 0:59:57]} Nb6
{[%clk 1:10:09]} 11. Bxg7 {[%clk 0:57:40]} Kxg7 {[%clk 1:10:33]} 12. Nfd2
{[%clk 0:55:53]} h5 {[%clk 1:01:50]} 13. h3 {[%clk 0:44:02]} Rh8 {[%clk 1:00:34]}
14. g4 {[%clk 0:34:46]} hxg4 {[%clk 1:00:58]} 15. Qg3 {[%clk 0:35:06]} gxh3
{[%clk 1:01:17]} 16. Bf3 {[%clk 0:34:06]} h2+ {[%clk 0:34:27]} 17. Kh1
{[%clk 0:32:51]} Bh3 {[%clk 0:34:41]} 18. Re1 {[%clk 0:30:07]} f5
{[%clk 0:32:12]} 19. e3 {[%clk 0:26:34]} Qf6 {[%clk 0:32:18]} 20. Bg2
{[%clk 0:22:22]} Bxg2+ {[%clk 0:30:18]} 21. Qxg2 {[%clk 0:22:04]} Rh4
{[%clk 0:29:42]} 22. Na3 {[%clk 0:14:45]} Rg4 {[%clk 0:29:48]} 23. Qf3
{[%clk 0:14:24]} Qg5 {[%clk 0:30:01]} 24. Nb5 {[%clk 0:08:57]} Rg1+
{[%clk 0:30:14]} 0-1

[Event "World Chess Olympiad 2018"]
[Site "Batumi"]
[Date "2018.09.24"]
[Round "1"]
[Board "4"]
[WhiteFideId "1444948"]
[White "Bjerre Jonas Buhl"]
[BlackFideId "21500193"]
[Black "Al Mutairi Hassan S"]
[Result "1-0"]
[LiveChessVersion "1.4.8"]
[BlackElo "1809"]
[WhiteElo "2423"]

1. e4 {[%clk 1:30:50]} e5 {[%clk 1:30:27]} 2. Nf3 {[%clk 1:31:01]} Nc6
{[%clk 1:30:03]} 3. Bb5 {[%clk 1:30:57]} f5 {[%clk 1:29:09]} 4. Nc3
{[%clk 1:29:39]} fxe4 {[%clk 1:28:44]} 5. Nxe4 {[%clk 1:29:34]} d5
{[%clk 1:18:55]} 6. Nxe5 {[%clk 1:26:53]} dxe4 {[%clk 1:19:18]} 7. Nxc6
{[%clk 1:26:32]} Qg5 {[%clk 1:18:56]} 8. Qe2 {[%clk 1:22:46]} Nf6
{[%clk 1:17:25]} 9. f4 {[%clk 1:18:48]} Qxf4 {[%clk 1:15:58]} 10. d4
{[%clk 1:17:17]} Qh4+ {[%clk 1:08:09]} 11. g3 {[%clk 1:14:03]} Qh3
{[%clk 1:06:47]} 12. Bg5 {[%clk 1:05:27]} a6 {[%clk 0:53:23]} 13. Ba4
{[%clk 0:55:26]} Bd7 {[%clk 0:31:34]} 14. Bxf6 {[%clk 0:50:30]} Bxc6
{[%clk 0:21:27]} 15. Bxc6+ {[%clk 0:46:06]} bxc6 {[%clk 0:21:42]} 16. Qxe4+
{[%clk 0:45:31]} Kd7 {[%clk 0:22:07]} 17. Be5 {[%clk 0:44:42]} Bd6
{[%clk 0:19:19]} 18. O-O-O {[%clk 0:41:59]} Qe6 {[%clk 0:17:03]} 19. Rhe1
{[%clk 0:36:03]} Rhe8 {[%clk 0:09:10]} 20. Qxh7 {[%clk 0:32:29]} Qxa2
{[%clk 0:06:52]} 21. Qf5+ {[%clk 0:29:56]} Qe6 {[%clk 0:05:20]} 22. Qxe6+
{[%clk 0:28:05]} Rxe6 {[%clk 0:05:38]} 23. Bxg7 {[%clk 0:28:19]} Rg6
{[%clk 0:05:58]} 24. Be5 {[%clk 0:28:18]} Rh6 {[%clk 0:06:22]} 25. Re2
{[%clk 0:25:33]} Rg8 {[%clk 0:06:37]} 26. Bxd6 {[%clk 0:23:30]} cxd6
{[%clk 0:05:32]} 27. Rf1 {[%clk 0:21:45]} Rg7 {[%clk 0:04:43]} 28. Rf8
{[%clk 0:19:03]} a5 {[%clk 0:03:15]} 29. Ra8 {[%clk 0:17:25]} Rg5
{[%clk 0:03:39]} 30. Ra7+ {[%clk 0:17:06]} Kd8 {[%clk 0:03:57]} 31. Rf2
{[%clk 0:16:28]} Ke8 {[%clk 0:03:55]} 32. Rff7 {[%clk 0:15:34]} Rb5
{[%clk 0:03:09]} 33. Rfc7 {[%clk 0:13:30]} Rb8 {[%clk 0:02:26]} 34. h4
{[%clk 0:13:11]} 1-0

[Event "World Chess Olympiad 2018"]
[Site "Batumi"]
[Date "2018.09.24"]
[Round "1"]
[Board "1"]
[WhiteFideId "502081"]
[White "Karttunen Mika"]
[BlackFideId "11700599"]
[Black "Farazi Khaiber"]
[Result "1-0"]
[LiveChessVersion "1.4.8"]
[BlackElo "2064"]
[WhiteElo "2472"]

1. c4 {[%clk 1:30:56]} Nf6 {[%clk 1:30:32]} 2. Nc3 {[%clk 1:31:01]} g6
{[%clk 1:30:23]} 3. d4 {[%clk 1:30:42]} Bg7 {[%clk 1:30:17]} 4. e4
{[%clk 1:31:02]} d6 {[%clk 1:30:38]} 5. f3 {[%clk 1:31:17]} h5 {[%clk 1:29:00]}
6. Be3 {[%clk 1:30:57]} c6 {[%clk 1:28:33]} 7. Qd2 {[%clk 1:31:09]} a6
{[%clk 1:28:32]} 8. a4 {[%clk 1:29:33]} Qa5 {[%clk 1:22:35]} 9. Ra3
{[%clk 1:25:59]} Nbd7 {[%clk 1:16:19]} 10. Nge2 {[%clk 1:15:37]} e5
{[%clk 1:00:42]} 11. d5 {[%clk 1:13:42]} c5 {[%clk 0:54:41]} 12. Nc1
{[%clk 1:10:31]} O-O {[%clk 0:44:51]} 13. Bd3 {[%clk 0:58:28]} Nh7
{[%clk 0:41:03]} 14. g4 {[%clk 0:47:55]} Qd8 {[%clk 0:34:34]} 15. h4
{[%clk 0:37:33]} Ndf6 {[%clk 0:29:37]} 16. g5 {[%clk 0:36:36]} Ne8
{[%clk 0:23:26]} 17. a5 {[%clk 0:34:10]} b6 {[%clk 0:15:09]} 18. Na4
{[%clk 0:28:16]} bxa5 {[%clk 0:14:23]} 19. Nb3 {[%clk 0:28:38]} Rb8
{[%clk 0:12:09]} 20. Nxa5 {[%clk 0:28:36]} Bd7 {[%clk 0:11:58]} 21. Nc3
{[%clk 0:26:42]} f6 {[%clk 0:07:07]} 22. Be2 {[%clk 0:24:55]} fxg5
{[%clk 0:07:07]} 23. hxg5 {[%clk 0:25:16]} Nc7 {[%clk 0:04:11]} 24. Nd1
{[%clk 0:23:38]} Rf7 {[%clk 0:02:41]} 25. Nf2 {[%clk 0:23:01]} Nf8
{[%clk 0:02:34]} 26. Nd3 {[%clk 0:23:08]} Qc8 {[%clk 0:01:21]} 27. b4
{[%clk 0:17:57]} cxb4 {[%clk 0:01:49]} 28. Nxb4 {[%clk 0:18:21]} Ne8
{[%clk 0:01:50]} 29. Ra1 {[%clk 0:17:03]} Ra8 {[%clk 0:01:43]} 30. Rc1
{[%clk 0:16:31]} Kh7 {[%clk 0:01:07]} 31. c5 {[%clk 0:14:51]} Bb5
{[%clk 0:00:58]} 32. c6 {[%clk 0:13:33]} Nc7 {[%clk 0:01:04]} 33. Nb7
{[%clk 0:10:56]} Ne8 {[%clk 0:01:24]} 34. Ra1 {[%clk 0:08:28]} Rxb7
{[%clk 0:01:28]} 35. cxb7 {[%clk 0:08:21]} Qxb7 {[%clk 0:01:57]} 36. Bxb5
{[%clk 0:08:02]} Qxb5 {[%clk 0:02:16]} 37. Kf2 {[%clk 0:07:44]} Qb7
{[%clk 0:01:06]} 38. Nc6 {[%clk 0:06:06]} Nc7 {[%clk 0:01:04]} 39. Na5
{[%clk 0:05:14]} Qb8 {[%clk 0:01:11]} 40. Nc6 {[%clk 0:32:55]} Qe8
{[%clk 0:31:18]} 41. Na7 {[%clk 0:25:20]} Qd7 {[%clk 0:30:31]} 42. Kg2
{[%clk 0:24:41]} Rxa7 {[%clk 0:26:13]} 43. Bxa7 {[%clk 0:25:00]} Nxd5
{[%clk 0:25:04]} 44. Qxd5 {[%clk 0:23:37]} Qxa7 {[%clk 0:25:26]} 45. Qxd6
{[%clk 0:17:59]} Qe3 {[%clk 0:24:37]} 46. Qe7 {[%clk 0:17:17]} Qd2+
{[%clk 0:21:34]} 47. Kh3 {[%clk 0:17:21]} Qc3 {[%clk 0:19:09]} 48. Rhf1
{[%clk 0:15:16]} Qc8+ {[%clk 0:16:41]} 49. Kg3 {[%clk 0:15:39]} Ne6
{[%clk 0:15:07]} 50. Rac1 {[%clk 0:15:46]} Qg8 {[%clk 0:14:52]} 51. Rfd1
{[%clk 0:14:53]} Nd4 {[%clk 0:09:07]} 52. Rc7 {[%clk 0:14:58]} a5
{[%clk 0:06:46]} 53. Rb1 {[%clk 0:13:33]} Ne6 {[%clk 0:04:24]} 54. Rc6
{[%clk 0:11:29]} Nf4 {[%clk 0:03:17]} 55. Rb7 {[%clk 0:10:57]} a4
{[%clk 0:02:46]} 56. Rc8 {[%clk 0:10:41]} h4+ {[%clk 0:01:50]} 57. Kxh4 1-0

[Event "World Chess Olympiad 2018"]
[Site "Batumi"]
[Date "2018.09.24"]
[Round "1"]
[Board "2"]
[WhiteFideId "11700777"]
[White "Amini Habibullah"]
[BlackFideId "501840"]
[Black "Agopov Mikael"]
[Result "0-1"]
[LiveChessVersion "1.4.8"]
[BlackElo "2447"]
[WhiteElo "1988"]

1. d4 {[%clk 1:30:52]} Nf6 {[%clk 1:30:54]} 2. Nf3 {[%clk 1:31:14]} g6
{[%clk 1:31:18]} 3. Bf4 {[%clk 1:30:57]} Bg7 {[%clk 1:31:43]} 4. e3
{[%clk 1:30:24]} d6 {[%clk 1:31:54]} 5. h3 {[%clk 1:30:34]} O-O {[%clk 1:32:12]}
6. Be2 {[%clk 1:30:53]} b6 {[%clk 1:32:37]} 7. O-O {[%clk 1:29:31]} Bb7
{[%clk 1:33:04]} 8. c4 {[%clk 1:29:45]} Nbd7 {[%clk 1:33:30]} 9. Nc3
{[%clk 1:29:52]} Re8 {[%clk 1:32:44]} 10. Bh2 {[%clk 1:30:16]} e5
{[%clk 1:31:37]} 11. dxe5 {[%clk 1:29:49]} dxe5 {[%clk 1:32:00]} 12. Qc2
{[%clk 1:30:06]} c6 {[%clk 1:14:07]} 13. Rad1 {[%clk 1:27:20]} Qc7
{[%clk 1:13:14]} 14. Rd2 {[%clk 1:26:44]} a5 {[%clk 1:12:34]} 15. Rfd1
{[%clk 1:19:25]} Nc5 {[%clk 1:12:56]} 16. Rd6 {[%clk 1:16:03]} Nfd7
{[%clk 1:10:40]} 17. R6d2 {[%clk 1:07:51]} Bc8 {[%clk 1:01:48]} 18. Bg3
{[%clk 1:04:47]} Nf8 {[%clk 0:58:13]} 19. Nd4 {[%clk 0:58:09]} f5
{[%clk 0:52:37]} 20. Bf3 {[%clk 0:55:11]} f4 {[%clk 0:40:28]} 21. Ndb5
{[%clk 0:54:39]} cxb5 {[%clk 0:40:26]} 22. Nxb5 {[%clk 0:55:08]} Qe7
{[%clk 0:32:21]} 23. Bxa8 {[%clk 0:55:11]} fxg3 {[%clk 0:32:46]} 24. fxg3
{[%clk 0:54:34]} Bf5 {[%clk 0:31:20]} 25. Bd5+ {[%clk 0:54:46]} Kh8
{[%clk 0:31:36]} 26. e4 {[%clk 0:55:08]} Bd7 {[%clk 0:31:53]} 27. Rf2
{[%clk 0:53:28]} Bxb5 {[%clk 0:29:27]} 28. cxb5 {[%clk 0:53:40]} Nfe6
{[%clk 0:29:34]} 29. Rdf1 {[%clk 0:52:37]} Qg5 {[%clk 0:25:43]} 30. Kh2 Nd4
{[%clk 0:23:35]} 31. Qc4 {[%clk 0:53:19]} Qe3 {[%clk 0:16:18]} 32. Bc6
{[%clk 0:53:40]} Rc8 {[%clk 0:14:30]} 33. Qd5 {[%clk 0:52:56]} h5
{[%clk 0:10:07]} 34. Qd6 {[%clk 0:50:20]} Qg5 {[%clk 0:09:16]} 35. Rf8+
{[%clk 0:44:26]} Rxf8 {[%clk 0:09:42]} 36. Rxf8+ {[%clk 0:44:55]} Kh7
{[%clk 0:09:47]} 37. Rf7 {[%clk 0:45:02]} Ne2 {[%clk 0:08:55]} 38. Qd1
{[%clk 0:42:25]} Qxg3+ {[%clk 0:08:54]} 39. Kh1 {[%clk 0:42:51]} Nf4
{[%clk 0:09:05]} 40. Qf3 {[%clk 1:11:30]} Qe1+ {[%clk 0:39:00]} 41. Kh2
{[%clk 1:11:59]} h4 {[%clk 0:37:39]} 42. Be8 {[%clk 1:10:31]} Ncd3
{[%clk 0:33:35]} 43. Qg4 {[%clk 1:09:53]} Kg8 {[%clk 0:32:42]} 44. Rc7
{[%clk 1:07:43]} Nf2 {[%clk 0:25:51]} 45. Bf7+ {[%clk 1:07:31]} Kh7
{[%clk 0:17:26]} 46. Qxh4+ {[%clk 1:06:21]} Nh5 {[%clk 0:17:51]} 47. Bxg6+
{[%clk 0:54:48]} Kxg6 {[%clk 0:18:14]} 48. Rc6+ {[%clk 0:55:15]} Bf6
{[%clk 0:17:07]} 49. Rxf6+ {[%clk 0:55:43]} Nxf6 {[%clk 0:17:31]} 50. Qg3+
{[%clk 0:56:03]} N6g4+ {[%clk 0:17:41]} 0-1

[Event "World Chess Olympiad 2018"]
[Site "Batumi"]
[Date "2018.09.24"]
[Round "1"]
[Board "3"]
[WhiteFideId "509825"]
[White "Keinanen Toivo"]
[BlackFideId "11700467"]
[Black "Abdul Khaliq Wais"]
[Result "1-0"]
[LiveChessVersion "1.4.8"]
[BlackElo "1921"]
[WhiteElo "2402"]

1. c4 {[%clk 1:30:16]} e6 {[%clk 1:29:58]} 2. Nf3 {[%clk 1:29:25]} Nf6
{[%clk 1:29:53]} 3. g3 {[%clk 1:27:09]} Be7 {[%clk 1:26:54]} 4. Bg2
{[%clk 1:24:56]} O-O {[%clk 1:27:11]} 5. O-O {[%clk 1:24:25]} d5 {[%clk 1:27:23]}
6. d4 {[%clk 1:17:37]} b6 {[%clk 1:24:26]} 7. cxd5 {[%clk 1:14:10]} exd5
{[%clk 1:23:55]} 8. Nc3 {[%clk 1:14:09]} Bb7 {[%clk 1:19:01]} 9. Ne5
{[%clk 1:14:31]} Nbd7 {[%clk 1:18:16]} 10. Qa4 {[%clk 1:14:57]} Bd6
{[%clk 1:08:46]} 11. Nxd7 {[%clk 1:11:19]} Nxd7 {[%clk 1:08:48]} 12. Nxd5
{[%clk 1:10:39]} Kh8 {[%clk 1:07:03]} 13. Bd2 {[%clk 1:08:00]} c5
{[%clk 1:04:08]} 14. Rad1 {[%clk 1:04:06]} cxd4 {[%clk 0:56:25]} 15. Qxd4
{[%clk 1:04:13]} Be5 {[%clk 0:51:34]} 16. Qb4 {[%clk 1:03:17]} a5
{[%clk 0:47:13]} 17. Qa3 {[%clk 1:02:57]} b5 {[%clk 0:44:03]} 18. Be3
{[%clk 1:01:33]} b4 {[%clk 0:33:04]} 19. Qa4 {[%clk 1:00:13]} Rc8
{[%clk 0:17:47]} 20. Nf4 {[%clk 0:57:59]} Bxg2 {[%clk 0:11:50]} 21. Nxg2
{[%clk 0:57:14]} Rc7 {[%clk 0:11:06]} 22. Bb6 {[%clk 0:56:56]} Nxb6
{[%clk 0:05:26]} 23. Rxd8 {[%clk 0:57:18]} Rxd8 {[%clk 0:05:55]} 24. Qb5 Bd4
{[%clk 0:03:24]} 25. Rd1 1-0